000 00282nam a22001337a 4500
020 _a978-81-264-2794-9
082 _a823
_bSTO/D
100 _aSTOKER, BRAM
245 _aDRACULA
260 _aKOTTAYAM
_bDC BOOKS
_c2008
300 _a64
650 _aSHORT STORES
_zINDIA
942 _cBK
999 _c3903
_d3903